|
|
|
|
| LEADER |
00000nam0a2200000 4500 |
| 001 |
346228 |
| 005 |
20231102005849.0 |
| 010 |
|
|
|a 9785604563663
|
| 035 |
|
|
|a (RuTPU)RU\TPU\book\378108
|
| 035 |
|
|
|a RU\TPU\retro\19815
|
| 090 |
|
|
|a 346228
|
| 100 |
|
|
|a 20210727d2021 k y0rusy50 ca
|
| 101 |
0 |
|
|a rus
|
| 102 |
|
|
|a RU
|
| 105 |
|
|
|a y z 001zy
|
| 200 |
1 |
|
|a Физика. Дополнительные материалы
|f В. М. Дрюков
|
| 210 |
|
|
|a Тула
|c Аквариус
|d 2021
|
| 215 |
|
|
|a 132 с.
|c ил.
|
| 320 |
|
|
|a Библиогр.: с. 130
|
| 606 |
1 |
|
|a Физика
|2 stltpush
|3 (RuTPU)RU\TPU\subj\63709
|9 80688
|
| 610 |
1 |
|
|a аэростатика
|
| 610 |
1 |
|
|a гидростатика
|
| 610 |
1 |
|
|a закон Архимеда
|
| 610 |
1 |
|
|a аэродинамика
|
| 610 |
1 |
|
|a агрегатные состояния
|
| 610 |
1 |
|
|a электрический ток
|
| 610 |
1 |
|
|a Закон Ампера
|
| 610 |
1 |
|
|a векторный анализ
|
| 610 |
1 |
|
|a закон Био-Савара-Лапласа
|
| 610 |
1 |
|
|a квантовые модели
|
| 610 |
1 |
|
|a физические модели
|
| 610 |
1 |
|
|a фотоны
|
| 610 |
1 |
|
|a электромагнитные излучения
|
| 610 |
1 |
|
|a волновая теория
|
| 610 |
1 |
|
|a квантовая теория
|
| 610 |
1 |
|
|a физические принципы
|
| 675 |
|
|
|a 53
|v 4
|
| 700 |
|
1 |
|a Дрюков
|b В. М.
|
| 801 |
|
1 |
|a RU
|b 63413507
|c 20210727
|
| 801 |
|
2 |
|a RU
|b 63413507
|c 20220204
|g RCR
|
| 942 |
|
|
|c BK
|